| 000 | 00635nam a2200193 a 4500 | ||
|---|---|---|---|
| 001 | 000045392 | ||
| 005 | 20201002050126.0 | ||
| 008 | 150306s2014 dr a 000 0 spa d | ||
| 020 | _a9789945408898 | ||
| 040 |
_aDO-SdBNP _bspa _cBNPHU |
||
| 082 |
_axxxx _bxxxx |
||
| 100 | 1 |
_aAlegría, Reynaldo R. _973429 |
|
| 245 | 1 | 0 |
_aCartas de amor : _blos impostores / _cReynaldo R. Alegría. |
| 260 |
_aSanto Domingo : _bGROUPV, _c[s.f.]. |
||
| 300 |
_a151 p. : _bil. ; _c22 cm. |
||
| 500 | _aIncluye datos del autor en la solapa de la cubierta. | ||
| 500 | _aDos obras encuadernadas juntas con paginación continua. | ||
| 740 | 3 | 2 | _aLos impostores |
| 999 |
_c44881 _d44881 |
||